00393nam a22000977a 4500008004100000082001800041245016500059260003700224300001000261710002400271230612b xxu||||| |||| 00| 0 eng d a352.4908bKEN aThe Appropriation Accounts and Other Public Accounts Details Excluding Accounts of the Funds of the Republic of Kenya for the Year2001/2002cGovernment of Kenya aKenyabGovernment of Kenyac2002 a546 p cGovernment of Kenya